000 00651nam a22001817a 4500
003 UA-OsUOA
001 19119
007 ta
008 20040718b un ||||| |||| 00| 0 ukr d
100 _aЛуківська Т.
942 _cSA
040 _aUA-OsUOA
_cUA-OsUOA
_dUA-OsUOA
245 _a"Зоряний вітер" розсипає... молодість
_b[В Рівному пройшов 6 Всеукр. пластовий мистец. фест. "Зоряний вітер"]
300 _aС.6
955 _a0
773 0 _w0
_tВільне слово
_dРівне
_d2004
_g№49/7 лип./
650 7 _aЗоряний вітер
_2UDC
999 _c305290
_d305290